| 000 | 01044nam a2200265Ia 4500 | ||
|---|---|---|---|
| 003 | OSt | ||
| 005 | 20221005113330.0 | ||
| 006 | a|||||r|||| 00| 0 | ||
| 007 | ta | ||
| 008 | 221004b |||||||| |||| 00| 0 pan d | ||
| 020 |
_a9788130200859 _c300 |
||
| 024 | _a117108 | ||
| 037 |
_b623, 07/03/2012, H.K. Prakashan _cTextual |
||
| 040 |
_aCRL _cCRL _bpan |
||
| 041 |
_2pan _apan |
||
| 082 | _aY:1'D, 153Q1 | ||
| 100 |
_aਵਾਗਲੇ, ਨਰਿੰਦਰਾl ਉੱਪਲ, ਸਵਿੰਦਰ ਸਿੰਘ, ੳਗ। _9624504 |
||
| 245 | 0 | _aਬੱੁਧ ਦੇ ਸਮੇ੍ਵ ਦਾ ਸਮਾਜ | |
| 260 |
_aਪਟਿਆਲਾ _bਪਬਲੀਕੇਨ ਬਿਊਰੋ ਭਾਰਤ _c2011 |
||
| 300 |
_a270ਪੰ _ccm. |
||
| 650 | _a ਸਮਾਜ Fਾਸਤਰ | ||
| 650 | _aਸਰੁਾਂਜ਼ FੳFਞਟਾਂਨ | ||
| 942 |
_hY:1'D, 153Q1 _cTEXL _2cc |
||
| 999 |
_c1027831 _d1027831 |
||